000 006370000a22002290004500
003 LK-CoMWRAF
005 20231109112025.0
008 230817t1995 ||||| |||| 00| 0 eng d
020 _a1565101790
040 _aLK-CoMWRAF
_dLK-CoMWRAF
_eLK-CoMWRAF
041 _aeng
082 _a305.42
_bFEM
245 _aFeminism:
_bopposing viewpoints
260 _aSan Diego:
_bGreenhaven,
_c1995
300 _a239 p. : ill. ; 23 cm.
_bBibliography and index included
490 _aOpposing Viewpoints
650 _aFEMINISM
650 _aFeminism-United States
650 _aWomen's Rights
700 _aWekesser, Carol
_eed.
942 _cBK
999 _c1649
_d1649